El neoliberalismo en la involución conservadora de la UASD. Puntos de referencia autónoma universitaria y movimiento renovador. (Record no. 663)

MARC details
000 -LEADER
campo de control de longitud fija 03330nam a2200541Ia 4500
001 - NÚMERO DE CONTROL
campo de control 737
008 - DATOS DE LONGITUD FIJA--INFORMACIÓN GENERAL
campo de control de longitud fija 241029s9999 xx 000 0 und d
010 ## - NÚMERO DE CONTROL DE LA BIBLIOTECA DEL CONGRESO
Número de control de LC 663
041 ## - CÓDIGO DE IDIOMA
Código de lengua del texto/banda sonora o título independiente Español
082 ## - NÚMERO DE LA CLASIFICACIÓN DECIMAL DEWEY
Número de clasificación FH UPG 001 2001
245 #0 - MENCIÓN DEL TÍTULO
Título El neoliberalismo en la involución conservadora de la UASD. Puntos de referencia autónoma universitaria y movimiento renovador.
260 ## - PUBLICACIÓN, DISTRIBUCIÓN, ETC.
Lugar de publicación, distribución, etc. Santo Domingo
300 ## - DESCRIPCIÓN FÍSICA
Extensión 127
520 ## - RESUMEN, ETC.
Sumario, etc. 36
520 ## - RESUMEN, ETC.
Sumario, etc. La Universidad Autónoma de Santo Domingo desde 1961 ha tenido avances y retrocesos, de ruptura radical e involución conservadora. Este trabajo constituyó un estudio sobre el proceso de involución conservador que ha verificado la UASD, en el período 1999-2001 y en qué medida estuvo influenciada por las políticas neoliberales. Ésto, analizado en el marco de los fenómenos globales y de intervención del sector público en el sistema educativo. Los objetivos fueron determinar cómo afectan las políticas neoliberales a la sociedad actual y en particular los derechos humanos; determinar cómo el pensamiento neoliberal impacta en el discurso y la práctica de la Educación Superior; analizar como el pensamiento neoliberal ha impactado en la sociedad dominicana; analizar los principios y teorías de la Educación Superior de la UNESCO y la UASD; señalar cambios importantes de la Universidad, particular los producidos en la autonomía universitaria; destacar transformaciones académicas e institucionales más importantes del movimiento renovador; señalar los cambios más importantes de la UASD desde el 1966 hasta el 1998.Los métodos fueron teóricos y empíricos. Las técnicas fueron las expresiones prácticas del método. Fue un trabajo documental, explicativo y sistemático que pretendió determinar en qué medida el neoliberalismo ha influido en la profundización de la involución conservadora de la UASD.Se concluyó que la aspiración es la libertad del mercado, la disminución del papel del Estado y la desregulación de la economía; esta propuesta teórica nos condujo a una suerte de Darwinismo social: ganas los más aptos, pierden los más débiles, se impone la ley del más fuerte; esta posición está alejada de las necesidades básicas del ser humano.  Para visualizar este estudio en su totalidad haga click aquí
630 ## - PUNTO DE ACCESO ADICIONAL DE MATERIA--TÍTULO UNIFORME
Título uniforme Educación Superior
650 ## - PUNTO DE ACCESO ADICIONAL DE MATERIA--TÉRMINO DE MATERIA
Término de materia o nombre geográfico como elemento de entrada Educación
690 ## - PUNTO DE ACCESO ADICIONAL DE MATERIA LOCAL--TÉRMINO DE MATERIA (OCLC, RLIN)
Término de materia o nombre geográfico como elemento inicial Sintetizado
700 ## - ENTRADA AGREGADA--NOMBRE PERSONAL
Término indicativo de función/relación asesor
Nombre de persona Moquete de la Rosa, Jacobo
700 ## - ENTRADA AGREGADA--NOMBRE PERSONAL
Término indicativo de función/relación autor
Nombre de persona García González , Radhamés
700 ## - ENTRADA AGREGADA--NOMBRE PERSONAL
Término indicativo de función/relación autor
Nombre de persona Rodríguez, Fernando
700 ## - ENTRADA AGREGADA--NOMBRE PERSONAL
Término indicativo de función/relación asesor
Nombre de persona Rojo, Miguel
901 ## - ELEMENTOS DE DATOS A LOCAL LDA (RLIN)
a {"1":"García González ","2":"Rodríguez"}
b {"1":"Radhamés","2":"Fernando"}
902 ## - ELEMENTOS DE DATOS B LOCAL, LDB (RLIN)
a 2
903 ## - ELEMENTOS DE DATOS C LOCAL, LDC (RLIN)
a {"1":"Rojo","2":"Moquete de la Rosa"}
b {"1":"Miguel","2":"Jacobo"}
904 ## - ELEMENTOS DE DATOS D LOCAL, LDD (RLIN)
a Maestría en
905 ## - ELEMENTOS DE DATOS E LOCAL, LDE (RLIN)
a Educación Superior
906 ## - ELEMENTOS DE DATOS F LOCAL, LDF (RLIN)
a 2
907 ## - ELEMENTOS DE DATOS G LOCAL, LDG (RLIN)
a NO APLICA
908 ## - COLOCAR PARÁMETRO DE COMANDO (RLIN)
Colocar parámetro de comando NO APLICA
909 ## -
-- Universidad Autónoma de Santo Domingo (UASD)
910 ## - DATOS DE OPCIÓN DEL USUARIO (OCLC)
Datos de opción del usuario NULL
-- NULL
911 ## - EQUIVALENCIA O REFERENCIA-CRUZADA-NOMBRE DE CONFERENCIA O REUNIÓN/CONGRESO [LOCAL, CANADÁ]
Nombre de congreso/reunión o jurisdicción como elemento de entrada ["1"]
912 ## -
-- NO APLICA
913 ## -
-- NULL
914 ## -
-- 01 de Octubre de 2001
915 ## -
-- -693625
916 ## -
-- NULL
917 ## -
-- NULL
918 ## -
-- NO APLICA
919 ## -
-- ["83"]
921 ## -
-- 11
922 ## -
-- 11
923 ## -
-- 0
924 ## -
-- NO APLICA
942 ## - ELEMENTOS DE ENTRADA SECUNDARIOS (KOHA)
Tipo de ítem Koha

No items available.

© 2024. Todos los Derechos Reservados. Desarrollado por IDEICE